ZÍSKAVANIE A USKLADNENIE MATERSKEJ KAŠIČKY

Bibliographic Details
Format: Article
Language:Slovak

MARC

LEADER 00000nab a2200000ua 4500
001 vtls010786262
003 SK-MaSNL
005 20260225191420.0
008 230131s1962 xo |||||||||||||||||slo|
035 |a (urnnbn)urn:nbn:sk:snk:ar-a0057v 
035 |a (uuid)ccce2f97-f46b-4e10-900b-a171a55bd881 
035 |a urn:nbn:sk:snk-ab50nq 
040 |a SNKBUCL  |b slo  |c SNKBUCL  |e AACR2 
041 0 |a slo 
044 |a xo  |c SK 
245 0 0 |a ZÍSKAVANIE A USKLADNENIE MATERSKEJ KAŠIČKY 
773 0 |t Včelár : odborný časopis Povereníctva poľnohospodárstva a lesného hospodárstva a Ústredia včelárskych združení na Slovensku  |g Roč. 36, č. 7 (1962), s. 159 
954 |a odborná, vedecká literatúra pôvodná (slovenská)  |2 lita 
958 |a OND 
958 |a EUIPO 
958 |a article3 
999 |c 1908355  |d 1910285